CoursePrep ExamGuide/StudyGuide MCSE Exam 70-210 Installing, Configuring, and Administering micrisoft Windows 2000 Professional
Đã lưu trong:
| Tác giả chính: | |
|---|---|
| Định dạng: | Sách |
| Ngôn ngữ: | Undetermined |
| Được phát hành: |
Boston, MA
Course Technology
2002
|
| Những chủ đề: | |
| Truy cập trực tuyến: | http://lrc.tdmu.edu.vn/opac/search/detail.asp?aID=2&ID=7680 |
| Các nhãn: |
Thêm thẻ
Không có thẻ, Là người đầu tiên thẻ bản ghi này!
|
| Thư viện lưu trữ: | Trung tâm Học liệu Trường Đại học Thủ Dầu Một |
|---|
| LEADER | 00683nam a2200205Ia 4500 | ||
|---|---|---|---|
| 001 | TDMU_7680 | ||
| 008 | 210410s9999 xx 000 0 und d | ||
| 082 | |a 005.4 | ||
| 090 | |b J427 | ||
| 100 | |a Johnson, David | ||
| 245 | 0 | |a CoursePrep ExamGuide/StudyGuide MCSE Exam 70-210 | |
| 245 | 0 | |b Installing, Configuring, and Administering micrisoft Windows 2000 Professional | |
| 245 | 0 | |c David Johnson | |
| 260 | |a Boston, MA | ||
| 260 | |b Course Technology | ||
| 260 | |c 2002 | ||
| 300 | |a vii, 160 p | ||
| 650 | |a Microsoft Windows server | ||
| 856 | |u http://lrc.tdmu.edu.vn/opac/search/detail.asp?aID=2&ID=7680 | ||
| 980 | |a Trung tâm Học liệu Trường Đại học Thủ Dầu Một | ||